000 01084nam a22002657a 4500
005 20090501112837.0
008 090501t xxu||||| |||| 00| 0 eng d
010 _aENG-93360
020 _c580.00
035 _aEN-76893
037 _bDBAD / PUB
040 _adpl
_bEnglish
082 _a338.954
100 _aChatterjee, Rajesh
245 _aInclusive development and institutional dynamics /
_cby Rajesh Chatterjee, M.M. Semwal [and] Kashinath Jena
260 _aDelhi
_bAbhijeet Publications
_c2008
270 _a2/46 Tukhmeerpur Extension
_bDelhi
_e110094
300 _aviii, 222p.
_c23cm (Hb)
500 _aIncludes bibliographical references
500 _aSame ISBN 8189886630 / 9788189886639 in "The emerging issues on labour problems in India under globalization"
700 _aSemwal, M.M.
700 _aJena, Kashinath
942 _2ddc
_cBN
_h338.954
_mCHA
999 _c25980
_d25980